000 03318cam a2200481 i 4500
999 _c14594
_d14594
001 20288950
005 20191014135423.0
008 180118t20192019maua 001 0 eng c
010 _a 2018932044
020 _a978-1-337-56933-0
035 _a(OCoLC)on1032262758
040 _aCCS
_beng
_cCCS
_erda
_dOCLCF
_dFBR
_dUPM
_dSGB
_dXMC
_dOCLCO
_dAU@
_dSWW
_dDLC
042 _apcc
050 0 0 _aTK5105.5
_b.W453 2019
082 0 0 _aDC 004.6076
_22019
_bW520
100 1 _aWest, Jill
_c(Author of CompTIA Network+ guide to networks),
_eauthor.
_940380
245 1 0 _aCompTIA Network+ guide to networks /
_cJill West, Jean Andrews, Ph.D., Tamara Dean.
246 3 0 _aNetwork+ guide to networks
246 3 _aNetwork plus guide to networks
250 _aEighth edition.
260 _aAustralia :
_bCengage Learning,
_c©2019.
300 _axxx, 847 pages :
_billustrations (chiefly color) ;
_c24 cm.
490 1 _aNetworking
500 _aEarlier editions are published as: Network+ guide to networks / Tamara Dean.
500 _aRegistered trademark symbol appears after CompTIA in title.
500 _aIncludes index.
505 0 _aIntroduction to networking -- Network infrastructure and documentation -- Addressing on networks -- Network protocols and routing -- Network cabling -- Wireless networking -- Virtualization and cloud computing -- Subnets and VLANs -- Network risk management -- Security in network design -- Network performance and recovery -- Wide Area Networks -- Appendix A. CompTIA Network+ N10-007 certification exam objectives -- Appendix B. Visual guide to connectors -- Appendix C. CompTIA Network+ practice exam.
520 _aMaster the technical skills and industry knowledge you need to begin an exciting career installing, configuring and troubleshooting computer networks with West/Dean/Andrews' NETWORK+ GUIDE TO NETWORKS, 8th edition. It thoroughly prepares you for success on CompTIA's Network+ N10-007 certification exam with fully mapped coverage of all objectives, including protocols, topologies, hardware, network design, security and troubleshooting. Virtualization-based projects give you experience working with a wide variety of hardware, software, operating systems and device interactions, while "On the Job" stories, Applying Concepts activities, and Hands-On and Capstone Projects let you explore concepts in more depth. MindTap Networking offers additional practice and certification prep. The text's emphasis on real-world problem solving provides the tools for success in any computing environment -- Publisher.
650 0 _aComputer networks
_xExaminations
_vStudy guides.
_940381
650 0 _aTelecommunications engineers
_xCertification
_vStudy guides.
_940382
650 7 _aComputer networks
_xExaminations.
_2fast
_940383
650 7 _aTelecommunications engineers
_xCertification.
_2fast
_92600
655 7 _aStudy guides.
_2fast
_940384
655 7 _aStudy guides.
_2lcgft
_940384
700 1 _aDean, Tamara,
_eauthor.
_940385
700 1 _aAndrews, Jean,
_d1946-
_eauthor.
_940386
710 2 _aCengage Learning (Firm)
_940387
830 0 _aNetworking (Course Technology, Inc.)
_940388
365 _b7,650.00
_cPhp
906 _a7
_bcbc
_cpccadap
_d2
_eepcn
_f20
_gy-gencatlg
942 _2ddc
_cDC